Kommunikation und Nachrichtenaustausch - Verhandlungsstrategie der habsburgischen Seite bei der Friedensverhandlung von Szőny 1627

Elmentve itt :
Bibliográfiai részletek
Szerzők: Brandl Gergely
Göncöl Csaba
Juhász Krisztina
Marton Gellért Ernő
Szabados János
Dokumentumtípus: Cikk
Megjelent: 2020
Sorozat:CHRONICA: ANNUAL OF THE INSTITUTE OF HISTORY UNIVERSITY OF SZEGED 19
Tárgyszavak:
mtmt:31301941
Online Access:http://publicatio.bibl.u-szeged.hu/29913
LEADER 01061nab a2200253 i 4500
001 publ29913
005 20240319095821.0
008 240319s2020 hu o 0|| ger d
022 |a 1588-2039 
024 7 |a 31301941  |2 mtmt 
040 |a SZTE Publicatio Repozitórium  |b hun 
041 |a ger 
100 1 |a Brandl Gergely 
245 1 0 |a Kommunikation und Nachrichtenaustausch - Verhandlungsstrategie der habsburgischen Seite bei der Friedensverhandlung von Szőny 1627  |h [elektronikus dokumentum] /  |c  Brandl Gergely 
260 |c 2020 
300 |a 113-140 
490 0 |a CHRONICA: ANNUAL OF THE INSTITUTE OF HISTORY UNIVERSITY OF SZEGED  |v 19 
650 4 |a Történettudomány és régészet 
700 0 1 |a Göncöl Csaba  |e aut 
700 0 1 |a Juhász Krisztina  |e aut 
700 0 1 |a Marton Gellért Ernő  |e aut 
700 0 1 |a Szabados János  |e aut 
856 4 0 |u http://publicatio.bibl.u-szeged.hu/29913/1/GERGELY_BRANDL_CSABA_GONCOL_KRISZTINA_JU.pdf  |z Dokumentum-elérés  
856 4 0 |u http://publicatio.bibl.u-szeged.hu/29913/3/31301941_c%C3%ADmlap_tartalom.pdf  |z Dokumentum-elérés